Central Library OPAC University of Rajshahi

Population census of Pakistan, 1961 : (Record no. 62826)

MARC details
000 -LEADER
fixed length control field 01412nam a2200289 a 4500
001 - CONTROL NUMBER
control field 62826
003 - CONTROL NUMBER IDENTIFIER
rucl marc code BD-RjUL
005 - DATE AND TIME OF LATEST TRANSACTION
control field 20211209081127.0
008 - FIXED-LENGTH DATA ELEMENTS--GENERAL INFORMATION
fixed length control field 170126s1963 pk s o00| 0 eng
020 ## - INTERNATIONAL STANDARD BOOK NUMBER
Terms of availability : PRs. 4.00
035 ## - SYSTEM CONTROL NUMBER
System control number (BD-RjUL)62954
040 ## - CATALOGING SOURCE
Original cataloging agency DLC
Transcribing agency DLC
Modifying agency DLC
-- BD-RjUL
Language of cataloging eng
041 ## - LANGUAGE CODE
Language code of text/sound track or separate title eng
082 ## - DEWEY DECIMAL CLASSIFICATION NUMBER
Classification number 304.609549021
Edition number 23
Author mark and year NOA 1963 (DCR)
110 ## - MAIN ENTRY--CORPORATE NAME
Corporate name or jurisdiction name as entry element Pakistan.
Subordinate unit Ministry of Home and Kashmir Affairs (Home Affairs Division).
9 (RLIN) 186432
245 10 - TITLE STATEMENT
Title Population census of Pakistan, 1961 :
Remainder of title District census report, Noakhali. Parts I-V : General description, general tables, housing tables, population tables, and village statistics. /
Statement of responsibility, etc. Pakistan. Ministry of Home and Kashmir Affairs (Home Affairs Division) ; Census organization (Pakistan) ; A. Rashid, [comp.]
246 ## - VARYING FORM OF TITLE
Title proper/short title District census report,Noakhali :
Remainder of title Parts I-V : General description, general tables, housing tables, population tables, and village statistics.
260 ## - PUBLICATION, DISTRIBUTION, ETC. (IMPRINT)
Place of publication, distribution, etc. Karachi:
Name of publisher, distributor, etc. Manager of Publications,
Date of publication, distribution, etc. [1963]
300 ## - PHYSICAL DESCRIPTION
Pagination various pagings :
Illustrations Ill. ;
Size 25 cm.
490 ## - SERIES STATEMENT
Series statement census, 61 ;
Volume/sequential designation P. No. 105
651 ## - SUBJECT ADDED ENTRY--GEOGRAPHIC NAME
Geographic name Pakistan (Bangladesh)
Geographic subdivision Noakhal
Form subdivision Census,1961
9 (RLIN) 186762
Geographic name Pakistan (Bangladesh)
Geographic subdivision Noakhal
General subdivision Population
Form subdivision Statistics
Chronological subdivision 1961
9 (RLIN) 186763
700 ## - ADDED ENTRY--PERSONAL NAME
Personal name Rashid, A. , [comp.]
710 ## - ADDED ENTRY--CORPORATE NAME
Corporate name or jurisdiction name as entry element Census organization (Pakistan)
9 (RLIN) 186435
830 ## - SERIES ADDED ENTRY--UNIFORM TITLE
Uniform title census, 61 ;
Volume number/sequential designation P. No. 105
942 ## - ADDED ENTRY ELEMENTS (KOHA)
Source of classification or shelving scheme Dewey Decimal Classification
Koha item type Rare Books
Holdings
Lost status Source of classification or shelving scheme Damaged status Not for loan Collection code Permanent Location Current Location Shelving location Date acquired Source of acquisition Total Checkouts Full call number Date last seen Copy number Koha item type
  Dewey Decimal Classification   Not For Loan Rare Books Central Library, University of Rajshahi Central Library, University of Rajshahi Rare Book Section 08/08/1963 Dy. Director of census, Dacca   RA 304.609549021 NOA 1963(DCR) 26/01/2017 C-1 Rare Books
  Dewey Decimal Classification   Not For Loan Rare Books Central Library, University of Rajshahi Central Library, University of Rajshahi Rare Book Section 26/01/2017     RA 304.609549021 NOA 1963(DCR) 26/01/2017 C-2 Rare Books